Environmentálna migrácia z rozvojových krajín: prípadová štúdia Maldív diplomová práca

Gespeichert in:
Bibliographische Detailangaben
1. Verfasser: Freivoltová, Adriana
Körperschaft: Obchodná fakulta EU. Katedra medzinárodného obchodu
Weitere Verfasser: Puškárová, Paula, 1985-
Format: Buch
Sprache:Slowakisch
Veröffentlicht: Bratislava 2022
Tags: Tag hinzufügen
Keine Tags, Fügen Sie das erste Tag hinzu!

MARC

LEADER 00000nbm a2200000 4500
001 0284198
005 20221202103622.4
041 0 |a slo 
044 |a SK 
245 1 0 |a Environmentálna migrácia z rozvojových krajín: prípadová štúdia Maldív  |b diplomová práca  |c Adriana Freivoltová ; školiteľ: Paula Puškárová 
264 1 |a Bratislava  |c 2022 
300 |a 76 s. 
100 1 |a Freivoltová, Adriana 
700 1 |a Puškárová, Paula, 1985- 
710 2 |a Obchodná fakulta EU. Katedra medzinárodného obchodu